| 000 | 03786nam a2200349 a 4500 | ||
|---|---|---|---|
| 003 | OSt | ||
| 005 | 20251022103813.0 | ||
| 007 | cr ||||||a|a|a | ||
| 008 | 251021s2025 mx a|||fom||| 001 0 spa d | ||
| 040 | _erda | ||
| 100 | 1 |
_aRivera Benitez, Luis Manuel _9191344 |
|
| 245 | 1 | 0 |
_aBiocontrol in vitro de aislados de moho gris (Botrytis cinera) presentes en Arándano (Vaccinium corymbosum) cultivados en Michoacán, México/ _cpor Luis Manuel Rivera Benítez; director de tesis Santos Gerardo Leyva Mir; secretario Luis Francisco Salomé Abarca; vocal Alma Rosa Solano Baez; suplente Guillermo Marquez Licona; suplente Calixto Leopoldo Carrillo Fonseca. |
| 264 | 1 |
_aChapingo, México : _bEl autor, _c2025. |
|
| 300 |
_a1 recurso en línea (57 páginas): _bcuadros, figuras. |
||
| 336 |
_2rdacontent _atexto _btxt |
||
| 337 |
_2rdamedia _acomputadora _bc |
||
| 338 |
_2rdacarrier _arecurso en línea _bcr |
||
| 502 |
_bIAEPA _cParasitología _d2025. _gLIC |
||
| 504 | _aIncluye referencias bibliográficas: 24-26 páginas. | ||
| 520 | _aEl cultivo de arándano (Vaccinium corymbosum) se ha convertido en uno de los más importantes para México en términos de exportación. En 2022, la superficie cultivada de este fruto alcanzó las 4,444 hectáreas, cifra que prácticamente se triplicó en 2023. Este aumento refleja la creciente relevancia económica del cultivo en la agroindustria mexicana, ya que las exportaciones de arándano han posicionado a México como el sexto mayor productor y el quinto mayor exportador de arándano fresco a nivel mundial en un corto periodo. Sin embargo, la presencia de diversas cepas de Botrytis cinerea en los cultivos provoca pérdidas significativas tanto en la etapa de precosecha como en la de postcosecha, lo cual limita el potencial de producción, comercialización local y exportación del arándano. El control químico, método comúnmente empleado para el manejo de este fitopatógeno, ha favorecido el desarrollo de resistencia en las poblaciones de B. cinerea, reduciendo la efectividad de estos productos y generando la necesidad de estrategias alternativas de control. Por ello, este estudio tuvo como objetivo evaluar el potencial in vitro de cepas de Trichoderma spp. y extractos de Allamanda cathartica como alternativas de biocontrol contra cepas de B. cinerea. Los experimentos demostraron que todas las cepas de Trichoderma evaluadas presentaron una capacidad antagónica del 60 al 70 % frente a B. cinerea, con crecimientos de clase 1 y 2. Asimismo, el extracto metanólico de hojas de A. cathartica exhibió efectos fungistáticos sobre todas las cepas de B. cinerea, mostrando una relación dosis-dependiente. La actividad antifúngica de dicho extracto se atribuyó a la presencia de metabolitos bioactivos como polifenoles, flavonoides, taninos, terpenos, saponinas y alcaloides. En conclusión, tanto las cepas de Trichoderma como el extracto metanólico de A. cathartica demostraron un alto potencial in vitro para el control de B. cinerea, por lo que se recomienda su evaluación en estudios futuros bajo condiciones in vivo. | ||
| 650 | 4 |
_aBotrytis cinerea _xControl _9108196 |
|
| 650 | 4 |
_aTrichoderma como fungicida _9129638 |
|
| 650 | 4 |
_aAllamanda cathartica como fungicida _9191402 |
|
| 650 | 4 |
_aArándano _xEnfermedades por hongos _9191225 |
|
| 700 | 1 |
_aLeyva Mir, Santos Gerardo _966581 _edirector. |
|
| 700 | 1 |
_aSalomé Abarca, Luis Francisco _9191395 _esecretario. |
|
| 700 | 1 |
_aSolano Báez, Alma Rosa _9108337 _evocal. |
|
| 700 | 1 |
_aMárquez Licona, Guillermo _976327 _esuplente. |
|
| 700 | 0 |
_aCarrillo Fonseca, Calixto Leopoldo _919482 _esuplente. |
|
| 856 |
_uhttp://10.13.5.2/tesis/tl/1612084-1_RIVERA_BENITEZ_LUIS_MANUEL.pdf _zDESCARGAR PDF |
||
| 942 |
_2Clasificación Universidad Autónoma Chapingo _cTD |
||
| 999 |
_c233087 _d233087 |
||